| 000 | 00491 a2200181 4500 | ||
|---|---|---|---|
| 005 | 20260312100952.0 | ||
| 008 | 260312b |||||||| |||| 00| 0 eng d | ||
| 020 | _a9789395055031 | ||
| 040 | _cSDCL | ||
| 041 |
_2eng _aeng |
||
| 084 | _aR6xM63 R3 | ||
| 100 | _aSingh, Sudhir | ||
| 245 |
_aSwami Vivekananda : _bThe sage and revolutionary |
||
| 260 |
_aDelhi : _bChanakya Publication and Distributors, _c2023. |
||
| 300 | _axvi, 269p. | ||
| 700 | _aThomas, Sabu | ||
| 942 |
_cTEXL _2CC |
||
| 999 |
_c1678950 _d1678950 |
||